00708nam a2200193Ia 4500003000900000008004100009020001800050040001600068080002100084100002700105245013900132260004600271300001000317650002800327650001400355942000700369999001700376952012100393IN-BaIIA211028s9999 xx 000 0 eng d a3-9805176-9-1 cIIA Library a52(048.1)bREV-9 aSchielicke, R E923234 0aReviews in modern astronomybpositions, motions and cosmic evolution; 9cR. E. Schielicke  aHamburgbAstronomische Gesellschaftc1996 a339p. aCosmic evolution923235 aCosmology cBK c13198d13198 00104070aBANbBANcGENd2000-01-22eUSJ l0o52(048.1)/ REV-9p14116r2021-11-05w2000-01-22yBKGDM 6900.00